| 000 | 00886nas a2200289 4500 | ||
|---|---|---|---|
| 001 | BR0202274 | ||
| 003 | BR-BrBNA | ||
| 005 | 20231205102923.0 | ||
| 007 | ta | ||
| 008 | 230509b bl.|||p| |||| 00| 00por d | ||
| 040 |
_aBR-BrBNA _bpor _cBiblioteca Nacional de Agricultura |
||
| 041 | _a(Pt) | ||
| 072 | _aL02 | ||
| 100 | 1 | _aOliveira, N.M. de | |
| 245 | 1 | _aInfluência de aspectos ambientais e genéticos na qualidade da fibra de lã | |
| 650 | _aOVINO | ||
| 650 | _aNUTRIÇÃO ANIMAL | ||
| 650 | _aFIBRA ANIMAL | ||
| 650 | _aLÃ | ||
| 650 | _aCOR | ||
| 650 | _aCRUZAMENTO ANIMAL | ||
| 650 | _aGÉNETICA | ||
| 773 | 0 |
_tRevista Brasileira de Agrociência (Brazil) _xISSN 0104-8996 _g(Jan-Apr 1996), v. 2(1) p. 21-26 _wBR0202274 |
|
| 856 | 4 | 0 | _uhttp://www.ufpel.tche.br/faem/agrociencia/v2n1/artigo04.pdf |
| 909 |
_a202311 _bLúcia _c55 _dLúcia Elande |
||
| 942 |
_2AGRIS _n0 _cANA |
||
| 999 |
_c170067 _d170067 |
||